5HLuxD.jpg

KING HENRY VIII SENIOR AND PRIMARY SCHOOL LIBRARY OPAC

Dog days / (Record no. 27)

000 -LEADER
fixed length control field 01022nam a22003611a 4500
001 - CONTROL NUMBER
control field 017435485
003 - CONTROL NUMBER IDENTIFIER
control field UkOxU
005 - DATE AND TIME OF LATEST TRANSACTION
control field 20190724090201.0
008 - FIXED-LENGTH DATA ELEMENTS--GENERAL INFORMATION
fixed length control field 100312r20112009enka j 000 f eng|d
015 ## - NATIONAL BIBLIOGRAPHY NUMBER
National bibliography number GBB039098
Source bnb
016 7# - NATIONAL BIBLIOGRAPHIC AGENCY CONTROL NUMBER
Record control number 015510574
Source Uk
020 ## - INTERNATIONAL STANDARD BOOK NUMBER
International Standard Book Number 9780141331973 (pbk.) :
020 ## - INTERNATIONAL STANDARD BOOK NUMBER
International Standard Book Number 0141331976 (pbk.) :
035 ## - SYSTEM CONTROL NUMBER
System control number (Uk)015510574
040 ## - CATALOGING SOURCE
Original cataloging agency StDuBDS
Language of cataloging eng
Transcribing agency StDuBDS
Modifying agency Uk
042 ## - AUTHENTICATION CODE
Authentication code ukblsr
082 04 - DEWEY DECIMAL CLASSIFICATION NUMBER
Classification number FIC KIN
Edition number 22
100 1# - MAIN ENTRY--PERSONAL NAME
Personal name Kinney, Jeff.
Relator term author
245 10 - TITLE STATEMENT
Title Dog days /
Statement of responsibility, etc. by Jeff Kinney.
260 ## - PUBLICATION, DISTRIBUTION, ETC.
Place of publication, distribution, etc. London :
Name of publisher, distributor, etc. Puffin,
Date of publication, distribution, etc. 2011.
300 ## - PHYSICAL DESCRIPTION
Extent 214 p. :
Other physical details ill. ;
Dimensions 20 cm.
336 ## - CONTENT TYPE
Content type term text
Source rdacontent
337 ## - MEDIA TYPE
Media type term unmediated
Source rdamedia
338 ## - CARRIER TYPE
Carrier type term volume
Source rdacarrier
490 0# - SERIES STATEMENT
Series statement Diary of a wimpy kid
500 ## - GENERAL NOTE
General note Originally published: 2009.
500 ## - GENERAL NOTE
General note Formerly CIP.
Institution to which field applies Uk
650 #0 - SUBJECT ADDED ENTRY--TOPICAL TERM
Topical term or geographic name entry element Heffley, Greg (Fictitious character)
Form subdivision Juvenile fiction.
655 #0 - INDEX TERM--GENRE/FORM
Genre/form data or focus term Diary fiction.
655 #0 - INDEX TERM--GENRE/FORM
Genre/form data or focus term Children's stories.
942 ## - ADDED ENTRY ELEMENTS (KOHA)
Source of classification or shelving scheme
Koha item type Books - Fiction
Holdings
Withdrawn status Lost status Source of classification or shelving scheme Damaged status Not for loan Collection code Permanent Location Current Location Shelving location Date acquired Total Checkouts Full call number Barcode Date last seen Date last checked out Price effective from Koha item type Date due
          Fiction KH8 Senior School Library KH8 Senior School Library Fiction 2019-07-24 5 FIC KIN 3KHSL000100088 2022-10-17 2022-10-12 2019-07-24 Books - Fiction  
          Fiction KH8 Senior School Library KH8 Senior School Library Fiction 2025-11-04 4 FIC KIN 3KHSL000102494 2026-04-09 2026-04-09 2025-11-04 Books - Fiction 2026-04-26

Powered By KH8 IT Dept